| 000 | 00487nam a2200181Ia 4500 | ||
|---|---|---|---|
| 001 | 7940 | ||
| 005 | 20260306160532.0 | ||
| 008 | 260306t2017||||xx |||||||||||||| ||spa|| | ||
| 041 | _aESP | ||
| 082 |
_a364 _bZ38 |
||
| 100 |
_aZarzosa Campos, Carlos Enrique _eAUT |
||
| 245 | 0 | _aLa criminalística y la investigación del crimen en el nuevo código procesal penal | |
| 260 | _c2017 | ||
| 300 |
_a357 páginas : _c24 cm. |
||
| 650 | _aGEN | ||
| 654 | _aCPS | ||
| 942 |
_cLIB _dJUS _fJUS _2ddc _n |
||
| 999 |
_c7940 _d7940 |
||